Normal view
MARC view
- Compilers (Computer programs)
Entry Topical Term
001 - CONTROL NUMBER
- control field: 717
003 - CONTROL NUMBER IDENTIFIER
- control field: JO-AjAnu
005 - DATE AND TIME OF LATEST TRANSACTION
- control field: 20230606070425.0
008 - FIXED-LENGTH DATA ELEMENTS
- fixed length control field: 230606|| aca||aabn | a|a d
040 ## - CATALOGING SOURCE
- Original cataloging agency: JO-AjAnu
- Transcribing agency: JO-AjAnu
150 ## - HEADING--TOPICAL TERM
- Topical term or geographic name entry element: Compilers (Computer programs)
670 ## - SOURCE DATA FOUND
- Source citation: Work cat.: (JO-AjAnu)377: Aho, Alfred V. , author 716, Principles of compiler design